Practice your english

Saved in:
Bibliographic Details
Main Author: Wright, Audrey L.
Format: Book
Language:Undetermined
Published: New York, Estados Unidos American Book 1954
Subjects:
Tags: Add Tag
No Tags, Be the first to tag this record!

MARC

LEADER 00000nam a2200000Ia 4500
008 170316s9999 xx 000 0 und d
090 |a 415-I W-9p 
100 |a Wright, Audrey L. 
245 |a Practice your english 
260 |a New York, Estados Unidos 
260 |b American Book 
260 |c 1954 
300 |a 366 páginas 
650 |a GRAMÁTICA INGLESA 
999 |c 19571  |d 19571 
040 |a cru BVZT 
942 |c 15 D  |h 415-I W-9p  |2 z